|
|
|
|
| LEADER |
03076nam a2200757 i 4500 |
| 001 |
nkc20213304395 |
| 003 |
CZ PrNK |
| 005 |
20210511070036.0 |
| 007 |
ta |
| 008 |
210127s2020 xr e 001 0acze |
| 015 |
|
|
|a cnb003304395
|
| 020 |
|
|
|a 978-80-88292-61-6
|q (brožováno)
|
| 035 |
|
|
|a (OCoLC)1250249013
|
| 040 |
|
|
|a OLA001
|b cze
|e rda
|
| 041 |
1 |
|
|a cze
|h por
|
| 043 |
|
|
|a ee-----
|a ec-----
|a e-po---
|
| 045 |
|
|
|a x-y-
|
| 072 |
|
7 |
|a 329
|x Politické strany a hnutí
|2 Konspekt
|9 15
|
| 072 |
|
7 |
|a 929
|x Biografie
|2 Konspekt
|9 8
|
| 080 |
|
|
|a 329.15-055.2
|2 MRF
|
| 080 |
|
|
|a 323.22-055.2
|2 MRF
|
| 080 |
|
|
|a 316.48:342.7
|2 MRF
|
| 080 |
|
|
|a 910.4
|2 MRF
|
| 080 |
|
|
|a 321.74
|2 MRF
|
| 080 |
|
|
|a 316.64:329.15
|2 MRF
|
| 080 |
|
|
|a 929
|2 MRF
|
| 080 |
|
|
|a (469)
|2 MRF
|
| 080 |
|
|
|a (4-191.2)+(4-11)
|2 MRF
|
| 080 |
|
|
|a (0:82-94)
|2 MRF
|
| 080 |
|
|
|a (093)
|2 MRF
|
| 100 |
1 |
|
|a Ventura, Cândida,
|d 1918-2015
|7 pna20211099422
|4 aut
|
| 240 |
1 |
0 |
|a O "Socialismo" que eu vivi.
|l Česky
|
| 245 |
1 |
0 |
|a Můj rozchod s komunismem /
|c Cândida Ventura ; z portugalského originálu ... O "Socialismo" que eu vivi - testemunho de uma ex-dirigente do PCP ... přeložila Eva Schalková
|
| 264 |
|
1 |
|a Praha :
|b Ústav pro studium totalitních režimů,
|c 2020
|
| 300 |
|
|
|a 245 stran ;
|c 20 cm
|
| 336 |
|
|
|a text
|b txt
|2 rdacontent
|
| 337 |
|
|
|a bez média
|b n
|2 rdamedia
|
| 338 |
|
|
|a svazek
|b nc
|2 rdacarrier
|
| 500 |
|
|
|a Chronologický přehled
|
| 504 |
|
|
|a Obsahuje bibliografické odkazy a rejstřík
|
| 600 |
1 |
7 |
|a Ventura, Cândida,
|d 1918-2015
|7 pna20211099422
|2 czenas
|
| 610 |
2 |
7 |
|a Partido Comunista Portuguęs
|7 uk2011383670
|2 czenas
|
| 648 |
|
7 |
|a 20.-21. století
|7 ch462155
|2 czenas
|
| 648 |
|
7 |
|a 20. století
|7 ch460558
|2 czenas
|
| 650 |
0 |
7 |
|a komunistky
|7 ph367695
|z Portugalsko
|y 20.-21. století
|2 czenas
|
| 650 |
0 |
7 |
|a politické aktivistky
|7 ph284014
|z Portugalsko
|y 20.-21. století
|2 czenas
|
| 650 |
0 |
7 |
|a hnutí za lidská práva
|7 ph398849
|z Portugalsko
|y 20. století
|2 czenas
|
| 650 |
0 |
7 |
|a cesty a pobyt
|7 ph137578
|z země východního bloku (1945-1989)
|2 czenas
|
| 650 |
0 |
7 |
|a komunistický režim
|7 ph114960
|z země východního bloku (1945-1989)
|2 czenas
|
| 650 |
0 |
7 |
|a antikomunismus
|7 ph118502
|2 czenas
|
| 650 |
0 |
9 |
|a women communists
|z Portugal
|y 20th-21st centuries
|2 eczenas
|
| 650 |
0 |
9 |
|a women political activists
|z Portugal
|y 20th-21st centuries
|2 eczenas
|
| 650 |
0 |
9 |
|a human rights movements
|z Portugal
|y 20th century
|2 eczenas
|
| 650 |
0 |
9 |
|a voyages and travels
|z Eastern block (1945-1989)
|2 eczenas
|
| 650 |
0 |
9 |
|a communist regime
|z Eastern block (1945-1989)
|2 eczenas
|
| 650 |
0 |
9 |
|a anti-communism
|2 eczenas
|
| 655 |
|
7 |
|a autobiografické vzpomínky
|7 fd131854
|2 czenas
|
| 655 |
|
7 |
|a dokumenty
|7 fd132064
|2 czenas
|
| 655 |
|
9 |
|a autobiographical reminiscences
|2 eczenas
|
| 655 |
|
9 |
|a documents
|2 eczenas
|
| 700 |
1 |
|
|a Schalková, Eva,
|d 1947-
|7 xx0003416
|4 trl
|
| 910 |
2 |
|
|a BOA001
|b 2-1459.915
|
| 990 |
|
|
|a BK
|
| 995 |
|
|
|a 01
|
| 991 |
|
|
|b 202105
|c NOV
|
| 996 |
6 |
|
|b 2610858521
|c 2-1459.915
|l MZK
|r Sklad / do 1 hodiny
|n 1
|p p.v.
|w 001845114
|u 000010
|a 1
|e BOA001
|j MZK50
|s P
|